| 000 | 01820nam a2200313 c 4500 | ||
|---|---|---|---|
| 003 | BLK | ||
| 005 | 20180422110431.0 | ||
| 008 | 180409b bul|||||r ||||||| ||bul|| | ||
| 010 | _aKNG00122684000 | ||
| 040 | _aBLK | ||
| 041 |
_aBUL _cBUL |
||
| 080 |
_aАвстрийска литература _b821.112(436) _x-32 _z821.112(436)-32 |
||
| 700 | 1 |
_aКонстантинов, Венцеслав _eсъстав. _9367608 |
|
| 700 | 1 |
_aКонстантинов, Венцеслав _eпрев. от нем. _9367608 |
|
| 139 |
_aАвстрийски разказвачи _bА 21 |
||
| 245 | 1 | 0 |
_aАвстрийски разказвачи _bСб. разкази _cсъстав. Венцеслав Константинов; прев. от нем. Венцеслав Константинов. |
| 257 | _aAUT | ||
| 260 |
_аСофия _bНар. култура _c1981 |
||
| 300 |
_a344 с. _c16 см |
||
| 380 | _aX | ||
| 490 | 1 |
_aБиблиотека Панорама _v142 |
|
| 490 | 1 |
_3Подсерия _aСерия Проза _v109 |
|
| 500 | _aДруги прев.: Л. Илиев, Ст. Бесарабовски, С. Аршинкова-Табакова, М. Савова, Е. Кузманова, Ф. Филкова, П. Владова, Б. Вълчев, Б. Вълчева ; Истинското име на прев. Е. Кузманова е Елисавета Тодорова Методиева. - Съдържа и Накратко за авторите ; Австрийската литература днес / Курт Клингер ; Прев. Венцеслав Константинов. | ||
| 852 | _aЦб І 19131 | ||
| 856 | 4 |
_qpdf _u |
|
| 856 | 4 |
_qpdf _u |
|
| 942 |
_cKNG _n0 |
||
| 944 |
_aCR _c06.04.2011 _lдобави в АБ / 05.04.2011 _kЛюдмила_Стоянова |
||
| 944 |
_aED _c06.04.2011 _lдобави в АБ / 05.04.2011 _k |
||
| 999 |
_c117098 _d117098 |
||